Mihin kieleen vihje viittaa? - Statistics

Yleistilastot
  • Tätä visaa on pelattu 71 kertaa
  • Keskiarvotulos 8 / 17
Vastaustilastot
Vihje Kieli % Oikein
Kieli, jolla on eniten äidinkielisiä puhujia kiina
100%
Kieli, jossa käytetään kirjainta "ß" saksa
84%
Sen kaksi kirjakieltä ovat bokmål ja nynorsk norja
77%
Kieli, jolla Gutenbergin Raamattu painettiin latina
75%
Ensimmäinen kieli, jota puhuttiin ulkoavaruudessa venäjä
75%
Sen kirjoitusjärjestelmään kuuluvat kanji-merkit sekä hiragana- ja katakana-merkistöt japani
74%
Tunnetaan myös nimellä farsi persia
51%
"Simba" tarkoittaa leijonaa tässä Itä-Afrikan lingua francassa swahili
51%
Etelä-Afrikan puhutuin äidinkieli zulu
40%
Kieli, joka ei ollut vuosisatojen ajan kenenkään äidinkieli, kunnes Eliezer Ben-Jehuda elvytti sen heprea
39%
Venäläisten aristokraattien 1800-luvulla yleisesti käyttämä kieli ranska
39%
Jeesuksen äidinkieli aramea
37%
Oli Etiopian ainoa virallinen kieli vuoteen 2020 asti amhara
26%
Intiassa ja Pakistanissa puhuttu kieli, jolla on enemmän puhujia kuin millään muulla sellaisella kielellä, joka ei ole minkään maan virallinen kieli punjabi
25%
Sen aakkosissa on vain 13 kirjainta. Esimerkkisana: Humuhumunukunukuāpuaʻa havaiji
23%
"Lusofonia" viittaa tähän kieleen portugali
21%
Paraguayn toinen valtakieli ja myös maan rahayksikön nimi guarani
9%
Ehtoja vastaavia visoja ei löytynyt
Tulosjakauma
Jokaisen tuloksen saaneiden osuus
Persentiili vastausten määrän mukaan
Tuloshistoriasi
Et ole pelannut tätä visaa